Online
Catalog

La vocación política / (Record no. 23033)

MARC details
000 -CABECERA
campo de control de longitud fija 00762nam a2200253 a 4500
001 - NÚMERO DE CONTROL
campo de control 000023537
005 - FECHA Y HORA DE LA ÚLTIMA TRANSACCIÓN
campo de control 20200930022306.0
008 - DATOS DE LONGITUD FIJA--INFORMACIÓN GENERAL
campo de control de longitud fija 101210s1974 sp r 000 | spa d
020 ## - NÚMERO INTERNACIONAL ESTÁNDAR DEL LIBRO
Número Internacional Estándar del Libro 8432505021
040 ## - FUENTE DE LA CATALOGACIÓN
Centro catalogador/agencia de origen DO-SdBNP
Lengua de catalogación spa
Centro/agencia transcriptor BNPHU
082 ## - NÚMERO DE LA CLASIFICACIÓN DECIMAL DEWEY
Número de clasificación 320
-- E48v, 1974
049 ## - FONDOS LOCALES (OCLC)
Fondos de biblioteca BNGR
100 ## - ENTRADA PRINCIPAL--NOMBRE DE PERSONA
Nombre de persona Elorriaga, Gabriel
9 (RLIN) 48518
245 13 - MENCIÓN DE TÍTULO
Título La vocación política /
Mención de responsabilidad, etc. Gabriel Elorriaga.
250 ## - MENCIÓN DE EDICIÓN
Mención de edición 3a ed.
260 ## - PUBLICACIÓN, DISTRIBUCIÓN, ETC.
Lugar de publicación, distribución, etc. Madrid :
Nombre del editor, distribuidor, etc. DONCEL,
Fecha de publicación, distribución, etc. 1974.
300 ## - DESCRIPCIÓN FÍSICA
Extensión 185 p ;
Dimensiones 18 cm.
490 1# - MENCIÓN DE SERIE
Mención de serie Libro Joven de Bolsillo
Designación de volumen o secuencia 59
500 ## - NOTA GENERAL
Nota general Incluye lista de la colección
500 ## - NOTA GENERAL
Nota general Incluye lista de obras del autor
650 #4 - PUNTO DE ACCESO ADICIONAL DE MATERIA--TÉRMINO DE MATERIA
Término de materia o nombre geográfico como elemento de entrada Ciencia política
Subdivisión general Ensayos
9 (RLIN) 48519
650 #4 - PUNTO DE ACCESO ADICIONAL DE MATERIA--TÉRMINO DE MATERIA
Término de materia o nombre geográfico como elemento de entrada Política
Subdivisión general Enseñanza
9 (RLIN) 48520
830 #0 - PUNTO DE ACCESO ADICIONAL DE SERIE-TÍTULO UNIFORME
Título uniforme Libro Joven de Bolsillo;
Designación de volumen o secuencia 59
9 (RLIN) 13001
Holdings
Estado de retiro Estado de pérdida Restricciones de uso No para préstamo Código de colección Localización permanente Ubicación/localización actual Ubicación en estantería Fecha de adquisición Número de inventario Total de préstamos Signatura topográfica completa Código de barras Fecha visto por última vez Precio válido a partir de Tipo de ítem Koha Número de copia
      Excluido de préstamo Monografías: Libros y Folletos General General En catalogación 10.12.2010 LF1   320 E48v, 1974 23537-10 25.06.2020 25.06.2020 No se presta  
      Excluido de préstamo Monografías: Libros y Folletos General General En catalogación 10.12.2010 LF1   320 E48v, 1974 23537-20 25.06.2020 25.06.2020 No se presta e. 2
  Extraviado     Monografías: Libros y Folletos General General Extraviado 10.12.2010 LF1   320 E48v, 1974 23537-30 25.06.2020 25.06.2020 Préstamo en sala e. 3

Powered by Koha